[Event "Bad Woerishofen op"]
[Site "Bad Woerishofen"]
[Date "2001.??.??"]
[Round "6"]
[White "Maahs, Erich"]
[Black "Taufratshofer, Martin"]
[Result "1-0"]
[WhiteElo "2199"]
[BlackElo "2093"]
[Annotator "ChessOrg"]
[PlyCount "119"]
[EventDate "1998.03.05"]
[Source "ChessBase"]
[SourceDate "1998.04.29"]

1. e4 {B10: Caro-Kann-Verteidigung} 1... c6 2. Bc4 d5 3. Bb3 dxe4 4. Qh5 e6 5.
Nc3 5... Nf6 {letzter Buchzug} 6. Qh4 Nbd7 7. Nxe4 Nxe4 8. Qxe4 Nc5 9. Qe2 Nxb3
10. axb3 Be7 (10... Qf6 11. d3 $15) 11. Nf3 $11 11... Bf6 12. O-O O-O 13. d4 b6
(13... Bxd4 $143 14. Rd1 e5 15. c3 $16) 14. Rd1 Qc7 15. Bg5 Bxg5 16. Nxg5 h6
17. Nf3 a5 18. Ne5 Bb7 19. Rd3 Rad8 20. Rad1 Bc8 21. Rg3 f5 (21... f6 $5 22.
Nc4 22... Rfe8 $15) 22. Rdd3 Bd7 (22... Ba6 $142 23. c4 c5 24. dxc5 24... bxc5
$11 (24... Qxc5 $2 25. Nd7 Qe7 26. Nxf8 Rxf8 27. Rg6 $18)) 23. Qh5 $18 23...
Rf6 $2 (23... Be8 24. Qxh6 24... Qe7 $18) 24. Qh4 (24. Rxg7+ $1 $142 24... Kxg7
25. Rg3+ Kh8 26. Qh4 $18) 24... Rdf8 $14 25. f4 Be8 26. Rd2 Qe7 27. Rc3 Qb7 28.
Qf2 Bd7 29. Qf3 Rc8 30. Rc4 Rff8 31. Ng6 Rf7 32. Re2 Kh7 33. Ne5 Re7 34. b4
axb4 35. Rxb4 (35. Nxd7 Qxd7 (35... Rxd7 $143 36. Rxe6 c5 37. Qh5 $14) 36. Rxb4
c5 37. Rxb6 Qxd4+ 38. Qf2 Ra7 39. Qxd4 39... cxd4 $14) 35... Be8 36. Nc4 Ra8 (
36... Qa6 37. Qa3 (37. Nxb6 $143 37... Rb8 $17) 37... Qxa3 38. bxa3 $14) 37.
Rxb6 $16 37... Ra1+ 38. Kf2 Qa7 39. Qb3 (39. Re5 Ra4 40. b4 40... Ra2 $16)
39... Bf7 $2 (39... Ra4 $142 40. Ne5 40... Rxd4 $11) 40. Ne5 $18 40... Be8 41.
c3 Rh1 42. Nf3 (42. Nxc6 Qa1 43. Kg3 43... Qg1 $17) 42... Qa1 43. Qc2 (43. Kg3
Bh5 44. Qa3 Qxa3 45. bxa3 45... Ra7 $18) 43... Bh5 (43... Qa5 44. Rb4 $16) 44.
Re1 (44. Rxc6 Qf1+ 45. Kg3 Bxf3 46. gxf3 Rg1+ 47. Rg2 g5 48. fxg5 Rg7 49. Rxg1
Qxg1+ 50. Kf4 Qxg5+ 51. Ke5 Qe3+ 52. Kd6 52... Qxf3 $16) 44... Rxe1 45. Nxe1
Bd1 46. Qd2 Ra7 47. Kg3 Ra2 (47... Ba4 48. Qe3 $18) 48. Rb7 (48. Nd3 $5 48...
Ra8 $18) 48... Ba4 49. Nf3 Bb5 50. d5 $1 50... e5 (50... exd5 51. Qd4) 51. fxe5
Rxb2 52. Qf4 Qb1 53. e6 53... Bf1 $4 (53... Qc2 54. Kh4 54... Bd3 $18) 54. Rxb2
$18 54... Qxb2 55. Qd2 (55. Qxf5+ $142 55... Kh8 56. e7 Qxg2+ 57. Kf4 $18)
55... Qa3 (55... Qb8+ 56. d6 56... Bc4 $18) 56. d6 Qa4 57. Kf2 Bc4 58. d7 Qa1 (
58... Bxe6 59. d8=Q $18) 59. d8=Q (59. e7 $5 $142 59... Qa7+ 60. Qd4 Qa2+ 61.
Nd2 61... Bf7 $18) 59... Qf1+ (59... Bxe6 60. Qe7 Qa2 61. Qxa2 Bxa2 62. Nd4 $18
) 60. Kg3 (60. Kg3 Qb1 61. e7 $18) 1-0

[Event "Bad Woerishofen op"]
[Site "Bad Woerishofen"]
[Date "2001.??.??"]
[Round "8"]
[White "Maahs, Erich"]
[Black "Muraziu, Nicky"]
[Result "1-0"]
[WhiteElo "2199"]
[BlackElo "1997"]
[Annotator "ChessOrg"]
[PlyCount "133"]
[EventDate "1998.03.05"]
[Source "ChessBase"]
[SourceDate "1998.04.29"]

1. e4 {B20: Sizilianisch} 1... c5 2. b3 e5 3. Nc3 {letzter Buchzug} 3... Nf6 4.
Nge2 Be7 5. Ng3 d5 6. exd5 O-O (6... Nxd5 $5 7. Bb5+ Nc6 8. Bxc6+ 8... bxc6 $14
) 7. Bc4 $16 7... a6 8. a4 b6 9. O-O Ra7 10. Bb2 Kh8 11. Qe2 Bd6 12. f3 Re7 13.
Nce4 Ne8 14. Rae1 f6 15. Qd3 Qc7 16. Re2 Qa7 17. Rfe1 Bc7 (17... Qd7 18. Qc3
$16) 18. Kh1 (18. d6 $5 18... Rd7 19. Be6 Rxd6 20. Nxd6 20... Bxe6 $18) 18...
Rd7 $16 19. Nf5 g6 20. Nfg3 Nc6 21. Bc3 (21. dxc6 $6 21... Rxd3 22. cxd3 22...
Qa8 $15) 21... Ne7 22. d6 Bxd6 23. Be6 Rd8 24. Bxc8 (24. Nxd6 $2 24... Rxd6 (
24... Bxe6 $2 25. Nf7+ Bxf7 26. Qxd8 $18) (24... Nxd6 $143 25. Rxe5 Ndf5 26.
Bxf5 Nxf5 27. Rd5 Nxg3+ 28. hxg3 Rxd5 29. Qxd5 $18) 25. Qe3 25... Bxe6 $19)
24... Nxc8 25. Nxd6 (25. a5 25... b5 $11) 25... Nexd6 $11 26. Qe3 Ne7 27. Qf2
Nd5 28. Rd1 (28. Ne4 28... Nf5 $11) 28... a5 (28... Nxc3 $142 29. dxc3 29...
Ne4 $15) 29. Bb2 $14 29... h5 30. Ree1 Qh7 31. d3 h4 32. Ne2 g5 33. c3 Nf5 34.
Kg1 Nde3 35. Rd2 Rd7 (35... g4 36. fxg4 Nxg4 37. Qf3 $15) 36. Nc1 $14 36... Nd5
37. d4 cxd4 38. cxd4 exd4 39. Bxd4 Rfd8 40. Rde2 Qf7 (40... Nxd4 $142 41. Qxd4
41... Qf7 $11) 41. Bxb6 $16 41... Nxb6 42. Qxb6 Nd4 43. Re7 $5 43... Qg6 $2 44.
R1e4 (44. Rxd7 $5 $142 44... Rxd7 45. Qxa5 $18) 44... Rd6 45. Qxd6 (45. Qxa5 $6
45... Nc6 46. Qc3 Nxe7 47. Rxe7 Re8 48. Rxe8+ 48... Qxe8 $11) 45... Rxd6 46.
Re8+ Kg7 47. R4e7+ Qf7 48. Rxf7+ Kxf7 49. Rc8 h3 50. Kf2 hxg2 51. Kxg2 Ke6 52.
Kf2 Kd5 53. Ra8 Nc6 54. Ke3 (54. Ne2 54... Kc5 $14) 54... Re6+ $11 55. Kd2 Re7
56. Rh8 (56. Ne2 56... Rh7 $14) 56... Rd7 (56... Ne5 $5 57. Rd8+ 57... Kc6 $11)
57. Ne2 Ke5+ 58. Kc3 Ne7 59. Re8 Kf5 60. Kc4 60... Ng6 $2 (60... Ke5 $16 $142)
61. Nd4+ $18 61... Rxd4+ 62. Kxd4 Kf4 (62... Nh4 63. Ke3 $18) 63. Re6 Kxf3 (
63... Kf5 64. Ra6 $18) 64. Rxf6+ Nf4 65. Rf5 Kg4 66. Rxa5 Kh3 (66... Ne2+ 67.
Ke3 Nf4 68. Rc5 $18) 67. Ke4 (67. Ke4 Kxh2 68. b4 $18) (67. Re5 $5 67... Kxh2
68. a5 68... g4 $18) 1-0

[Event "Bad Woerishofen op"]
[Site "?"]
[Date "2001.??.??"]
[Round "1"]
[White "Mader, Kurt"]
[Black "Grathwohl, Roland"]
[Result "0-1"]
[WhiteElo "1900"]
[BlackElo "2283"]
[Annotator "ChessOrg"]
[PlyCount "120"]
[EventDate "2000.??.??"]

1. d4 {A46: Damenbauernspiele} 1... Nf6 2. Nf3 e6 3. Bg5 c5 4. Nbd2 {
letzter Buchzug} 4... cxd4 5. Nxd4 Be7 6. e4 d6 7. Bd3 Nc6 8. N2f3 Qb6 9. Nxc6
bxc6 10. Rb1 O-O (10... Qa5+ 11. Qd2 Qxa2 12. O-O $11) 11. O-O e5 12. Re1 Be6
13. b3 h6 14. Bh4 Rfe8 15. c4 a5 16. h3 Qb4 17. Re2 Nh5 18. Bxe7 Rxe7 19. Re3 (
19. Rd2 19... Rd7 $11) 19... Nf4 $15 20. Bf1 Qc5 21. Ne1 f5 (21... Rd7 22. Nd3
Nxd3 23. Bxd3 $11) 22. Nd3 Nxd3 23. Bxd3 (23. Rxd3 $143 23... fxe4 24. Rxd6
24... Rf8 $15) 23... f4 24. Re1 Rf7 25. Be2 Rf6 26. Bg4 Bf7 27. Rb2 a4 28. Rd2
axb3 29. axb3 Ra3 30. Rd3 Qa5 31. Rf1 Qb4 32. Qc2 Bg6 33. Bf3 c5 34. Rfd1 Ra6
35. Qe2 Kf8 36. Bh5 Bh7 37. Bf3 Qb7 38. Re1 Ke7 39. Qb2 Bg8 40. Ra1 (40. Qc3 $5
$11 $142) 40... Bxc4 $1 $17 41. Rxa6 Bxa6 42. Rd2 Rf8 43. Be2 (43. Qc3 $5 $17)
43... Bxe2 $19 44. Rxe2 Rb8 45. g3 (45. Qa1 $19 $142) 45... Qxb3 46. Qxb3 Rxb3
47. gxf4 exf4 48. Kh2 Ke6 49. Rd2 g5 50. Kg2 Rb4 51. Kf3 (51. f3 c4 52. h4
52... c3 $19) 51... Rd4 52. Ra2 Ke5 53. Ra8 Rd3+ 54. Kg4 Kxe4 55. Rh8 (55. Re8+
Kd5 56. Rh8 56... c4 $19) 55... c4 (55... Rd2 56. Rxh6 Rxf2 57. Re6+ Kd5 58.
Re1 Rg2+ 59. Kf5 $19) 56. Rxh6 Rd5 57. Rh8 (57. Re6+ Kd3 58. h4 58... gxh4 $19)
57... c3 58. Re8+ Re5 59. Rc8 Kd3 60. h4 gxh4 (60... gxh4 61. Ra8 c2 62. Ra3+
62... Ke2 $19) 0-1

[Event "Bad Woerishofen op"]
[Site "Bad Woerishofen"]
[Date "2001.??.??"]
[Round "3"]
[White "Mader, Kurt"]
[Black "Tschirky, Werner"]
[Result "1-0"]
[WhiteElo "1900"]
[BlackElo "1627"]
[Annotator "ChessOrg"]
[PlyCount "59"]
[EventDate "1998.03.05"]
[Source "ChessBase"]
[SourceDate "1998.04.29"]

1. d4 {E90: Koenigsindisch (Klassisches System)} 1... Nf6 2. c4 g6 3. Nf3 d6 4.
Nc3 Bg7 5. h3 O-O 6. e4 Na6 7. a3 {letzter Buchzug} 7... c5 8. Be3 cxd4 9. Nxd4
Bd7 10. Bd3 Nc5 11. Bc2 a5 12. O-O Nh5 13. Rb1 Bxd4 (13... Nf6 14. f4 $14) 14.
Qxd4 Ne6 15. Qd2 Nc7 16. Bd1 (16. Bb6 16... Qc8 $16) 16... Ng7 17. Bb6 Qc8 18.
Be3 (18. Rc1 Ra6 19. Nd5 Nxd5 20. cxd5 20... Qa8 $16) 18... Nce6 (18... Qd8 $5
$11 $142) 19. b3 Nc7 20. Bb6 f5 21. Bxc7 (21. Re1 fxe4 22. Nxe4 22... a4 $16)
21... Qxc7 $14 22. Nd5 Qd8 23. exf5 Nxf5 24. Bc2 Kg7 25. Rbe1 e6 (25... e5 26.
Bxf5 Rxf5 27. f4 $14) 26. Ne3 Bc6 (26... Nxe3 27. Rxe3 Qc7 28. Rd1 $16) 27. Ng4
(27. Nxf5+ exf5 28. Re6 $16) 27... Qb6 $2 (27... e5 $5 $16 $142) 28. Bxf5 28...
exf5 $4 (28... gxf5 $142 29. Qh6+ Kh8 30. Rxe6 30... Rf7 $18) 29. Qc3+ Kf7 (
29... Qd4 30. Qxd4+ Rf6 31. Qxf6+ Kg8 32. Nh6#) 30. Qf6+ (30. Qf6+ Kg8 31. Nh6#
) (30. Nh6#) 1-0

[Event "Bad Woerishofen op"]
[Site "Bad Woerishofen"]
[Date "2001.??.??"]
[Round "5"]
[White "Mader, Kurt"]
[Black "Feicht, Roland"]
[Result "0-1"]
[WhiteElo "1900"]
[BlackElo "1490"]
[Annotator "ChessOrg"]
[PlyCount "46"]
[EventDate "1998.03.05"]
[Source "ChessBase"]
[SourceDate "1998.04.29"]

1. d4 {E24: Nimzoindisch (Saemisch-Variante)} 1... Nf6 2. c4 e6 3. Nc3 Bb4 4.
a3 Bxc3+ 5. bxc3 d5 6. Bg5 6... O-O {letzter Buchzug} 7. e3 h6 8. Bh4 g5 9. Bg3
c6 10. h3 (10. h4 10... g4 $14) 10... Ne4 $11 11. Qh5 Kg7 12. Bd3 Nxg3 (12...
Nxc3 $4 13. Be5+ Qf6 14. Bxf6+ Kxf6 15. Rc1 $18) 13. fxg3 Qa5 14. Ne2 dxc4 15.
Bxc4 Nd7 16. O-O b5 (16... Nb6 17. Bd3 $11) 17. Bd3 $14 17... f5 18. g4 $4 (18.
e4 $142 18... Nf6 19. Qf3 $11) 18... Nf6 $19 19. Ng3 (19. Be4 Bb7 20. Nf4 Nxh5
(20... fxe4 $4 21. Qg6+ Kh8 22. Nxe6 $18) (20... gxf4 $143 21. Qh4 Nxe4 22.
Qe7+ Rf7 23. Qxe6 $19) 21. Nxe6+ Kg8 22. Bxf5 Ng3 23. Bh7+ Kxh7 24. Nxf8+ 24...
Kg8 $19) 19... Nxh5 (19... Qxc3 20. Rfd1 Nxh5 21. Nxh5+ Kh8 22. Ng3 $19) 20.
Nxh5+ Kg6 (20... Kh8 21. Rfc1 $19) 21. Ng3 (21. Rfc1 21... c5 $19) 21... Qxc3
22. gxf5+ exf5 23. Bxf5+ (23. Rfd1 23... Bd7 $19) 23... Bxf5 (23... Bxf5 24.
Rfe1 24... Bd7 $19) 0-1

[Event "Bad Woerishofen op"]
[Site "Bad Woerishofen"]
[Date "2001.??.??"]
[Round "7"]
[White "Mader, Kurt"]
[Black "Schoebel, Klaus"]
[Result "1-0"]
[WhiteElo "1900"]
[BlackElo "1580"]
[Annotator "ChessOrg"]
[PlyCount "49"]
[EventDate "1998.03.05"]
[Source "ChessBase"]
[SourceDate "1998.04.29"]

1. Nf3 {D53: Damengambit (Hauptvariante, Abweichungen)} 1... Nf6 2. d4 d5 3. c4
e6 4. Nc3 Be7 5. Bg5 Nbd7 6. e3 h6 7. Bxf6 Nxf6 8. Be2 {letzter Buchzug} 8...
O-O 9. O-O dxc4 10. Bxc4 c6 11. Bd3 Bd6 12. Ne4 Nxe4 13. Bxe4 f5 14. Bc2 b5 (
14... Qf6 15. Qe2 $11) 15. Nd2 Bb7 16. f4 c5 17. Nf3 cxd4 18. Nxd4 18... Qf6 $2
(18... Qb6 $11 $142) 19. Nxe6 $1 $18 (19. Nxb5 $6 19... Bc5 20. Nd4 20... Rfd8
$14) 19... Qe7 (19... Qxe6 20. Bb3 $18) 20. Nxf8 Qxe3+ (20... Rxf8 21. Qd3
21... a6 $18) 21. Kh1 Qh3 (21... Bxf8 22. Qd7 22... Qb6 $18) 22. Bb3+ Kh8 23.
Ng6+ (23. Bd5 $142 23... Qe3 24. Bxb7 Rxf8 25. Qxd6 25... Re8 $18) 23... Kh7
24. Bd5 Qg4 (24... Bxd5 25. Qxd5 Qh5 26. Qxa8 Qxg6 27. Qxa7 $18) 25. Bxb7 (25.
Bxb7 Rd8 26. Qxg4 fxg4 27. Ne5 $18) 1-0

[Event "Bad Woerishofen op"]
[Site "?"]
[Date "2001.??.??"]
[Round "1"]
[White "Mainka, Romuald"]
[Black "Pruesse, Horst"]
[Result "1-0"]
[WhiteElo "2476"]
[BlackElo "2042"]
[Annotator "ChessOrg"]
[PlyCount "97"]
[EventDate "2000.??.??"]

1. e4 {B40: Sizilianisch (Klassisches System mit e7-e6))} 1... c5 2. Nf3 e6 3.
c4 3... d5 {letzter Buchzug} 4. cxd5 exd5 5. exd5 Nf6 6. Bb5+ Bd7 7. Bc4 Qe7+
8. Be2 Nxd5 9. O-O Nc6 10. Nc3 Nf4 11. Bb5 Ne6 12. Re1 O-O-O 13. d3 Qf6 14. Ne4
Qf5 15. Be3 Ncd4 (15... Be7 $5 $11) 16. Bxd7+ Rxd7 17. Nxd4 cxd4 18. Bd2 Qb5
19. Qf3 Kb8 20. b4 Qd5 (20... Bxb4 $2 21. Reb1 $18) 21. a4 Bd6 22. a5 Rc8 23.
a6 b6 24. Rac1 Rdc7 25. Nxd6 Qxd6 26. b5 Qd7 27. Rb1 (27. Bf4 Nxf4 28. Qxf4
28... h6 $16) 27... g5 $11 28. g3 h6 29. Re5 Rc5 30. Re2 Qd5 (30... R8c7 $5 $11
) 31. Qxf7 $14 31... Nc7 32. Qh7 Rxb5 33. Rbe1 Nxa6 34. Qxh6 Rbc5 (34... Nc7 $5
$14) 35. Re5 $1 $16 35... Qg8 (35... Qxe5 36. Rxe5) 36. Qd6+ $18 36... Kb7 37.
Bxg5 Rxe5 38. Rxe5 Nc5 39. Qxd4 Re8 (39... Rc7 40. Qe3 $18) 40. h4 Rxe5 41.
Qxe5 Qa2 42. d4 Qb1+ (42... Ne6 43. Be7 a5 44. d5 $18) 43. Kg2 Nd3 44. Qe4+ Ka6
45. Qe2 b5 46. d5 Ne1+ (46... Qb3 47. Qe6+ Ka5 48. Qd7 $18) 47. Kh2 Qb4 48. d6
$1 48... Qc3 49. Be3 (49. Be3 Qc6 50. Qxe1 $18) (49. d7 $142 49... Nf3+ 50. Kg2
Nxh4+ 51. Kh3 Nf3 52. Qe6+ 52... Kb7 $18) 1-0

[Event "Bad Woerishofen op"]
[Site "Bad Woerishofen"]
[Date "2001.??.??"]
[Round "3"]
[White "Mainka, Romuald"]
[Black "Jaenig, Reinhard"]
[Result "1-0"]
[WhiteElo "2476"]
[BlackElo "2090"]
[Annotator "ChessOrg"]
[PlyCount "83"]
[EventDate "1998.03.05"]
[Source "ChessBase"]
[SourceDate "1998.04.29"]

1. e4 {B40: Sizilianisch (Klassisches System mit e7-e6))} 1... c5 2. Nf3 e6 3.
d4 cxd4 4. Nxd4 Qb6 5. Nb3 Qc7 6. Nc3 a6 7. Bd3 d6 8. f4 Nf6 9. Qf3 Nbd7 10. g4
h6 11. h4 {letzter Buchzug} 11... h5 12. g5 Ng4 13. Nd1 g6 14. Ne3 Nxe3 15.
Bxe3 Bg7 16. O-O-O b6 17. Kb1 Nc5 18. Rhf1 Nxd3 (18... O-O 19. Qf2 $11) 19.
cxd3 O-O 20. Qf2 Rb8 21. Nd4 (21. Rd2 21... Qd7 $11) 21... Bd7 22. f5 (22. Nf3
$5 $15) 22... exf5 $17 23. exf5 Bxd4 24. Bxd4 Bxf5 25. Qd2 Qd7 26. Rf4 Qb5 27.
Ka1 Rbc8 28. b3 Rc7 29. Bb2 Rfc8 (29... Re8 $142 30. Rc4 30... Rce7 $19) 30.
Rc4 $11 30... f6 31. gxf6 Qd5 32. Re1 Qf7 33. Qf4 Rxc4 34. dxc4 Re8 35. Rd1 Re6
36. Qh6 (36. Rxd6 $5 36... b5 37. Rd8+ Kh7 38. Bc3 $16) 36... Qf8 (36... Rxf6
$143 37. Rxd6 Qf8 38. Qxf8+ Rxf8 39. Rxb6 $16) 37. Qg5 Qe8 (37... b5 38. Rf1
Kh8 39. Rc1 $11) 38. Bc3 Kf7 (38... Qf7 $5 $11) 39. Rf1 Re3 40. Qh6 40... Rxc3
$4 (40... Qe6 $14 $142) 41. Qg7+ $18 41... Ke6 42. Re1+ (42. Re1+ Be4 43. Rxe4+
Kf5 44. Rxe8 $18) 1-0

[Event "Bad Woerishofen op"]
[Site "Bad Woerishofen"]
[Date "2001.??.??"]
[Round "4"]
[White "Mainka, Romuald"]
[Black "Krklec, Daniel"]
[Result "1-0"]
[WhiteElo "2476"]
[BlackElo "1800"]
[Annotator "ChessOrg"]
[PlyCount "53"]
[EventDate "1998.03.05"]
[Source "ChessBase"]
[SourceDate "1998.04.29"]

1. e4 {B03: Aljechin-Verteidigung (Vierbauernvariante)} 1... Nf6 2. e5 Nd5 3.
d4 d6 4. c4 Nb6 5. exd6 exd6 6. Nf3 Bg4 7. Be2 7... g6 {letzter Buchzug} 8. O-O
Bg7 9. Bg5 Qd7 10. h3 Bf5 11. Nc3 h6 12. Be3 g5 13. d5 (13. Re1 13... Nc6 $14)
13... c5 14. dxc6 bxc6 15. Nd4 Be5 16. Nxf5 Qxf5 17. Bd3 (17. Re1 17... O-O $16
) 17... Qe6 $11 18. Re1 N8d7 19. Rc1 19... f5 $2 (19... Nxc4 20. Qf3 20... d5
$16) 20. Qh5+ $18 20... Kd8 21. Bxg5+ $1 21... hxg5 $2 (21... Kc7 $142 22. Be3
Nxc4 23. Bxf5 23... Qg8 $18) 22. Qxh8+ $3 22... Kc7 (22... Bxh8 23. Rxe6 $18)
23. Qh7 Rf8 24. Nd5+ Nxd5 25. cxd5 Qxd5 26. Bc4 (26. Bxf5 $6 26... Rxf5 27. b3
27... Rf4 $15) 26... Qd4 (26... Qa5 27. Be6 27... Rd8 $18) 27. Bb5 (27. Bb5 Kd8
28. Rxc6 $18) 1-0

[Event "Bad Woerishofen op"]
[Site "Bad Woerishofen"]
[Date "2001.??.??"]
[Round "7"]
[White "Mainka, Romuald"]
[Black "Kistella, Roman"]
[Result "1-0"]
[WhiteElo "2476"]
[BlackElo "2258"]
[Annotator "ChessOrg"]
[PlyCount "107"]
[EventDate "1998.03.05"]
[Source "ChessBase"]
[SourceDate "1998.04.29"]

1. e4 {B23: Sizilianisch (Geschlossenes System)} 1... c5 2. Nc3 d6 3. f4 g6 4.
Nf3 Bg7 5. Bb5+ Bd7 6. a4 Nc6 7. O-O e6 8. Bxc6 Bxc6 9. Qe1 Ne7 10. d3 Qd7 11.
Be3 {letzter Buchzug} 11... f5 12. e5 Bxf3 13. Rxf3 Nc6 14. Nb5 dxe5 15. Bxc5
Kf7 16. Nd6+ Kg8 17. c3 (17. fxe5 b6 18. Ba3 18... Nxe5 $11) 17... b6 18. Ba3
exf4 19. d4 (19. Rxf4 Be5 20. Ne4 20... Kg7 $17) 19... Bf8 20. Nc4 Bxa3 21.
Rxa3 (21. Nxa3 Re8 22. Nc4 22... Qc7 $11) 21... Qd5 (21... Nxd4 22. Rd3 Nc2 23.
Rxd7 Nxe1 24. Kf2 $15) 22. b3 g5 23. Ra2 Kf7 24. Rf1 Rae8 25. Rd2 Re7 26. Qe2
Kg6 (26... Kg7 27. Qh5 h6 28. h4 $11) 27. Re1 h5 28. b4 Rc8 29. b5 (29. Rc1 $5
$11) 29... Na5 $15 30. Ne5+ Kh6 31. h4 (31. Rd3 $5 31... Rxc3 32. Nf7+ Kg7 33.
Nxg5 Rxd3 34. Qxd3 $15) 31... Rxc3 $19 32. hxg5+ Kxg5 33. Rd3 Rxd3 34. Qxd3 Rc7
(34... Rg7 35. Kh2 $19) 35. Kh2 $2 (35. Nf3+ Kg6 36. Qd2 $15) 35... Qb3 $4 (
35... Nc4 $19 $142) 36. Nf3+ $14 36... Kf6 37. Qd2 Qd5 (37... Rg7 38. Qxf4 Qa2
39. Qh6+ Kf7 40. Ng5+ Rxg5 41. Qxg5 Qd5 42. Qxh5+ Ke7 43. Qh7+ 43... Kd6 $18)
38. Qxf4 $18 38... Rg7 39. Qh6+ Kf7 40. Re5 (40. Qxh5+ Ke7 41. Qh4+ Kd6 42.
Qd8+ Rd7 43. Qf8+ Kc7 44. Rc1+ 44... Nc4 $18) 40... Qd6 $16 41. Qxh5+ Kf8 (
41... Kg8 $5 $142 42. Qe8+ 42... Kh7 $18) 42. Qh8+ $18 42... Kf7 43. Qh5+ $4 (
43. d5 Qf8 (43... exd5 $4 44. Kh1 Qd7 45. Nh4 $18) 44. dxe6+ Ke7 45. Qxf8+
45... Kxf8 $18) 43... Kf8 44. Ng5 Rxg5 45. Qxg5 Kf7 46. Qh5+ Kf6 47. Qh6+ Kf7
48. Qh7+ Kf6 49. Qh8+ 49... Kf7 $4 (49... Kg6 50. g4 fxg4 51. Qg8+ Kf6 52. Qg5+
Kf7 53. Qf4+ 53... Ke7 $18) 50. d5 Nc4 (50... Kg6 51. dxe6 Qd4 52. Qg8+ Kf6 53.
Qf7+ Kxe5 54. Qg7+ Ke4 55. Qxd4+ Kxd4 56. e7 $18) 51. dxe6+ Kg6 52. e7 Nxe5 (
52... Qxe5+ 53. Qxe5 Nxe5 54. e8=Q+ 54... Kf6 $18) 53. e8=Q+ Nf7+ 54. g3 (54.
g3 Qd2+ 55. Kh3 Qh6+ 56. Qxh6+ Kxh6 57. Qxf7 Kg5 58. Qg7+ Kh5 59. g4+ fxg4+ 60.
Kg3 a5 61. Kf4 g3 62. Qg5#) 1-0

[Event "Bad Woerishofen op"]
[Site "Bad Woerishofen"]
[Date "2001.??.??"]
[Round "9"]
[White "Mainka, Romuald"]
[Black "Bischoff, Dieter"]
[Result "1-0"]
[WhiteElo "2476"]
[BlackElo "2222"]
[Annotator "ChessOrg"]
[PlyCount "57"]
[EventDate "1998.03.05"]
[Source "ChessBase"]
[SourceDate "1998.04.29"]

1. e4 {B66: Sizilianisch (Richter/Rauser-Angriff)} 1... c5 2. Nf3 d6 3. d4 cxd4
4. Nxd4 Nf6 5. Nc3 Nc6 6. Bg5 e6 7. Qd2 a6 8. O-O-O h6 9. Nxc6 bxc6 10. Bf4 d5
11. Qe3 Be7 12. Be2 O-O 13. Qg3 Kh8 14. Bc7 Qd7 15. Be5 Qb7 16. exd5 cxd5 17.
Rd4 Ne8 18. Bd3 18... Bf6 {letzter Buchzug} 19. Re1 Bxe5 20. Rxe5 Rb8 21. b3
Qc7 (21... Nf6 $5 $15 $142) 22. Nxd5 $14 22... Qa7 (22... exd5 $2 23. Rxe8 $18)
23. Qe3 f6 24. Rb4 24... Qa8 $2 (24... Ra8 $5 $142 25. Qe4 25... g5 $14) 25.
Rxb8 (25. Rh5 f5 (25... exd5 $4 26. Rxh6+ Kg8 27. Bh7+ Kf7 28. Bg6+ Kg8 29. Qe7
Bf5 30. Rh8+ Kxh8 31. Qxf8#) 26. Rxh6+ Kg8 27. Rh8+ Kxh8 28. Ne7 g5 29. Qxg5
Nf6 30. Rh4+ Nh7 31. Qg6 Rxb3 32. Rxh7#) 25... Qxb8 26. Qe4 f5 27. Qb4 Qd6 (
27... Qxb4 28. Nxb4 28... Nc7 $18) 28. Qxd6 Nxd6 29. Ne7 (29. Ne7 Kh7 30. Nxc8
Rxc8 31. Rxe6 $18) 1-0

[Event "Bad Woerishofen op"]
[Site "Bad Woerishofen"]
[Date "2001.??.??"]
[Round "2"]
[White "Malzer, Werner"]
[Black "Salvermoser, Bernd"]
[Result "0-1"]
[WhiteElo "1854"]
[BlackElo "2275"]
[Annotator "ChessOrg"]
[PlyCount "70"]
[EventDate "1998.03.05"]
[Source "ChessBase"]
[SourceDate "1998.04.29"]

1. e4 {B73: Sizilianisch (Drachen-Variante)} 1... c5 2. Nf3 d6 3. d4 cxd4 4.
Nxd4 Nf6 5. Nc3 g6 6. Be2 Bg7 7. O-O O-O 8. Be3 Nc6 9. Kh1 d5 10. exd5 Nxd5 11.
Nxd5 Nxd4 12. Bxd4 Qxd5 13. Bxg7 Qxd1 14. Raxd1 Kxg7 15. Bf3 15... Bf5 {
letzter Buchzug} 16. c3 (16. Bxb7 $143 16... Rab8 17. Ba6 17... Rxb2 $15) 16...
e5 17. Bd5 Rad8 18. c4 e4 (18... f6 19. b4 $11) 19. b3 Rd7 20. h3 (20. Rde1
20... g5 $14) 20... Rfd8 21. Rde1 Re7 22. g4 Bc8 23. Rxe4 (23. Bxe4 $2 23...
Rde8 $19) 23... Rxe4 24. Bxe4 Rd2 25. Bb1 Bd7 (25... h5 26. gxh5 Bxh3 27. Rg1
$14) 26. Kg2 Bc6+ 27. Kg3 Re2 28. Rc1 Kf6 29. Rd1 h6 30. Rd6+ Ke5 31. Rd1 (31.
Rd3 Re1 32. Bc2 Rg1+ 33. Kh4 33... Rh1 $14) 31... g5 (31... Kf6 32. h4 32... g5
$16) 32. Rd8 $4 (32. b4 $16 $142) 32... Re1 $19 33. Bf5 (33. Bd3 Rg1+ 34. Kh2
Rg2+ 35. Kh1 Rxg4+ 36. Kh2 Rg2+ 37. Kh1 Rxf2+ 38. Kg1 38... Rxa2 $19) 33...
Rg1+ 34. Kh2 Rg2+ 35. Kh1 Rxg4+ (35... Rxg4+ 36. Rd5+ Bxd5+ 37. cxd5 37... Rf4
$19 (37... Kxf5 $6 38. hxg4+ Ke5 39. Kg2 $19)) 0-1

[Event "Bad Woerishofen op"]
[Site "Bad Woerishofen"]
[Date "2001.??.??"]
[Round "4"]
[White "Malzer, Werner"]
[Black "Glas, Stefan"]
[Result "0-1"]
[WhiteElo "1854"]
[BlackElo "2119"]
[Annotator "ChessOrg"]
[PlyCount "78"]
[EventDate "1998.03.05"]
[Source "ChessBase"]
[SourceDate "1998.04.29"]

1. e4 {C01: Franzoesische Verteidigung (Abtauschvariante)} 1... e6 2. d4 d5 3.
exd5 exd5 4. Nf3 Bf5 5. Bd3 5... Bg6 {letzter Buchzug} 6. O-O Bd6 7. Re1+ Ne7
8. Bg5 f6 9. Bh4 c6 10. Bg3 Bxg3 11. hxg3 Bxd3 12. Qxd3 O-O 13. Nbd2 Na6 14. c3
Qd7 15. Re2 Rae8 16. Rae1 Nc8 17. Nf1 Nd6 18. Ne3 Nc7 19. Kh2 Ne4 20. Rh1 Re7
21. Kg1 g6 22. Nh2 Ne6 23. Nhf1 Qc7 24. c4 Rd8 25. Rc2 Qd6 26. cxd5 cxd5 27.
Ng4 $2 (27. Nd2 Nxd2 28. Rxd2 28... b6 $15) 27... h5 (27... Qb6 $142 28. Qe3
28... Rde8 $19) 28. Ngh2 $11 28... Kg7 29. Nf3 Rdd7 (29... Rc7 30. Rxc7+ Qxc7
31. N3d2 $15) 30. Nh4 Qb6 31. Nf3 (31. Ne3 $5 $11 $142) 31... Rc7 $17 32. Re2
Rc1 33. Kh2 Rec7 34. Ne3 Qd6 (34... Rxh1+ $5 35. Kxh1 35... Qc6 $11) 35. Rxc1
$14 35... Rxc1 36. Nh4 Kf7 37. f4 $4 (37. Nxd5 Qxd5 38. Qxe4 Qxe4 39. Rxe4 $11)
37... Nxf4 $1 $19 38. Nef5 (38. gxf4 Qxf4+ 39. Kh3 Qg3#) 38... Nxd3 (38... gxf5
39. Qf3 Nxe2 40. Nxf5 $19) 39. Nxd6+ Nxd6 (39... Nxd6 40. Rd2 Ne4 41. Rxd3
41... Nf2 $19) 0-1